书目信息 |
| 题名: |
自杀预防与危机干预
|
|
| 作者: | 季建林 , 赵静波 著 | |
| 分册: | ||
| 出版信息: | 上海 华东师范大学出版社 2007 |
|
| 页数: | 446页 | |
| 开本: | 21cm | |
| 丛书名: | 心理援助系列丛书 | |
| 单 册: | ||
| 中图分类: | C913.9 | |
| 科图分类: | ||
| 主题词: | 自杀--病理心理学--研究 , 自杀 , 病理心理学 , 社会生活 , 社会问题 | |
| 电子资源: | ||
| ISBN: | 978-7-5617-5289-0 | |
| 000 | 00962oam2 2200301 450 | |
| 001 | 1233386463 | |
| 005 | 20121004091711.96 | |
| 010 | @a978-7-5617-5289-0@dCNY29.00 | |
| 100 | @a20070404d2007 em y0chiy50 ea | |
| 101 | 0 | @achi |
| 102 | @aCN@b310000 | |
| 105 | @ay z 000yy | |
| 200 | 1 | @a自杀预防与危机干预@Azi sha yu fang yu wei ji gan yu@f季建林,赵静波著 |
| 210 | @a上海@c华东师范大学出版社@d2007 | |
| 215 | @a446页@d21cm | |
| 225 | 2 | @a心理援助系列丛书 |
| 330 | @a本书前半部分围绕自杀的概念、流行病学资料、影响因素、自杀的评估及其预防,后半部分是危机干预的理论、方法与技能等内容。 | |
| 461 | 0 | @12001 @a心理援助系列丛书 |
| 606 | 0 | @a自杀@x病理心理学@x研究 |
| 606 | 0 | @a自杀 |
| 606 | 0 | @a病理心理学 |
| 606 | 0 | @a社会生活 |
| 606 | 0 | @a社会问题 |
| 690 | @aC913.9@v4 | |
| 701 | 0 | @a季建林@Aji jian lin@f(1962.11~)@4著 |
| 701 | 0 | @a赵静波@Azhao jing bo@c(女,@f1972~)@4著 |
| 801 | 0 | @aCN@bNLC@c20101222 |
| 905 | @a10447@dC913.9@eJY336 | |
| 自杀预防与危机干预/季建林,赵静波著.-上海:华东师范大学出版社,2007 |
| 446页;21cm.-(心理援助系列丛书) |
| ISBN 978-7-5617-5289-0:CNY29.00 |
| 本书前半部分围绕自杀的概念、流行病学资料、影响因素、自杀的评估及其预防,后半部分是危机干预的理论、方法与技能等内容。 |
| ● |
| 相关链接 |
|
|
|
|
正题名:自杀预防与危机干预
索取号:C913.9/JY336
 
预约/预借
| 序号 | 登录号 | 条形码 | 馆藏地/架位号 | 状态 | 备注 |
| 1 | 7811084 | 278110848 | 学院路分馆/ [索取号:C913.9/JY336] | 在馆 | |
| 2 | 7811085 | 278110857 | 学院路分馆/ [索取号:C913.9/JY336] | 在馆 |